| 000 | | | 05136nac2a22003253x 450 |
| 001 | | | 4cbd9df6-25bb-473b-9b07-ce209c8d6f1e |
| 005 | | | 20260119175206.0 |
| 100 | ## | $a | 20251101l19471947k y0rusy50 ca |
| 101 | 0# | $a | rus |
| | $a | mul |
| 102 | ## | $a | RU |
| 105 | ## | $a | y z ||||| |
| 122 | 2# | $a | d19470613 |
| | $a | d19470725 |
| 200 | 1# | $a | Указы и постановления Президиума Верховного Совета СССР, принятые с 13 июня по 25 июля 1947 года (к протоколу № 19) |
| | $j | 13 июня - 25 июля 1947 |
| 215 | ## | $a | 73 листа |
| | $d | 29,7 х 20,7 |
| 251 | ## | $c | Дело |
| 300 | ## | $a | Заголовок дела на папке: Подлинные материалы к протоколу № 19 заседания Президиума Верховного Совета СССР том II |
| 300 | ## | $a | Часть текста на языках народов СССР |
| 300 | ## | $a | Листы: 73 листа, в том числе: + листов внутренней описи I-III |
| 300 | ## | $a | Часть текста машинописная, часть - напечатана типографским способом с рукописными пометками |
| 461 | #0 | $1 | 001d61833fe-7036-4123-ba24-5c83654b2cf0 |
| | $1 | 2001 |
| | $a | Верховный Совет СССР |
| | $1 | 251 |
| | $c | Фонд |
| | $1 | 852 |
| | $g | Р |
| | $j | 7523 |
| 462 | #0 | $1 | 001f97228f9-855d-4329-90f3-ac5adbe8c7dc |
| | $1 | 2001 |
| | $a | Подлинные протоколы заседаний Президиума Верховного Совета СССР и материалов к ним второго созыва |
| | $v | Д. 154 |
| | $1 | 251 |
| | $c | Опись |
| | $1 | 852 |
| | $j | 36 |
| 517 | 1# | $a | Подлинные материалы к протоколу № 19 заседания Президиума Верховного Совета СССР том II |
| 601 | 01 | $3 | RU\NLR\AUTH\8810065327 |
| | $a | СССР |
| | $b | Верховный Совет |
| | $b | Президиум |
| 605 | ## | $3 | DITM\AF\0000002775 |
| | $a | Власть |
| | $l | коллекция |
| | $2 | acquisition_prlib |
| 610 | 1# | $a | Подлинные материалы |
| | $a | Указы |
| | $a | Постановления |
| | $a | Протокол |
| | $a | 13 июня - 25 июля 1947 года |
| 686 | ## | $a | 63.3(2)62-332ю1 |
| | $c | История |
| | $2 | rubbk |
| 686 | ## | $a | 67.400.6ю1 |
| | $c | Право |
| | $2 | rubbk |
| 801 | #0 | $a | RU |
| | $b | GA_RF |
| 801 | #1 | $a | RU |
| | $b | ГлавНИВЦ |
| | $c | 20251101 |
| | $2 | rusmarc |
| 801 | #2 | $a | RU |
| | $b | ПБ им. Б.Н. Ельцина |
| | $c | 20260119 |
| | $g | RCR |
| | $2 | rusmarc |
| 852 | ## | $a | ГА РФ |
| | $j | 154 |
| 937 | ## | $d | 200068069 |
| | $h | ГАРФ |
| 035 | ## | $a | RuPRLIB51080916 |
| 856 | ## | $u | http://readingroom.main.prlib.ru/item.aspx?id_node=n200068069&mode=full |